Statistics for countries bordering each other?(Hard edition)

Click here to take the quiz!

General Stats

  • This quiz has been taken 25 times
  • The average score is 11 of 15

Answer Stats

QuestionAnswer% Correct
Russia and Polandyes
100%
france and Brazilyes
100%
italy and croatiano
90%
bangladesh and Myanmaryes
86%
china and afghanistanyes
81%
croatia and montenegroyes
81%
Canada and Denmarkyes
81%
Namibia and Zimbabweno
67%
republic congo and angolayes
67%
azerbaijan and turkeyyes
62%
netherlands and Franceyes
62%
Turkmenistan and Tajikistanno
48%
Niger and Togono
48%
Malaysia and Singaporeno
48%
El Salvador and Nicaraguayes
38%

Score Distribution

Percentile by Number Answered

Percent of People with Each Score

Your Score History

You have not taken this quiz